[Event "Olympiad-35"]
[Site "Bled"]
[Date "2002.11.06"]
[Round "11.2"]
[White "Nazarov, Anvar"]
[Black "Mecking, Henrique"]
[Result "1/2-1/2"]
[WhiteElo "2395"]
[BlackElo "2548"]
[PlyCount "100"]
[EventDate "2002.10.26"]
[EventType "team-swiss"]
[EventRounds "14"]
[EventCountry "SLO"]
[SourceTitle "EXT 2003"]
[Source "ChessBase"]
[SourceDate "2002.11.25"]
[SourceVersion "1"]
[SourceVersionDate "2002.11.25"]
[SourceQuality "1"]
[WhiteTeam "Tajikistan"]
[BlackTeam "Brazil"]
[WhiteTeamCountry "TJK"]
[BlackTeamCountry "BRA"]

1. e4 c5 2. c4 Nc6 3. Nc3 g6 4. g3 Bg7 5. Bg2 e6 6. Nge2 Nge7 7. 0-0 0-0 8. d3 d6 9. Rb1 b6 10. a3 Bb7 11. b4 Nd4 12. Nxd4 cxd4 13. Ne2 Qd7 14. Bb2 e5 15. Qb3 Rab8 16. Bc1 Kh8 17. Bd2 f5 18. b5 fxe4 19. dxe4 a5 20. Nc1 Ng8 21. Nd3 Nf6 22. f3 Qe6 23. Nb2 Rbc8 24. h4 Nd7 25. Kh2 Nc5 26. Qd1 Rce8 27. Bh3 Qg8 28. Qe2 Bc8 29. Bxc8 Rxc8 30. Kg2 h5 31. Rf2 Qe6 32. Bg5 Kh7 33. Rbf1 Rce8 34. Kh2 Bh6 35. Bxh6 Kxh6 36. Kg2 Kh7 37. Qc2 Rf7 38. Qd2 Ref8 39. Qe2 Kg8 40. Qd2 Rf6 41. Qe2 Kg7 42. Qd2 R6f7 43. Qe2 Kg8 44. Qd2 Rg7 45. Qg5 Qf6 46. Qxf6 Rxf6 47. Rd1 g5 48. hxg5 Rxg5 49. Rh1 Kg7 50. Rh3 Kf7 1/2-1/2

[Event "Asia-ch"]
[Site "Kolkata"]
[Date "2001.08.14"]
[Round "7"]
[White "Nazarov, Anvar"]
[Black "Pieris, TDR"]
[Result "1-0"]
[WhiteElo "2410"]
[BlackElo "2151"]
[PlyCount "91"]
[EventDate "2001.08.09"]
[EventType "swiss"]
[EventRounds "11"]
[EventCountry "IND"]
[SourceTitle "CBM 085"]
[Source "ChessBase"]
[SourceDate "2001.11.13"]
[SourceVersion "1"]
[SourceVersionDate "2001.11.13"]
[SourceQuality "1"]

1. Nf3 g6 2. g3 Bg7 3. Bg2 d6 4. 0-0 e5 5. d3 Nc6 6. e4 f5 7. exf5 Bxf5 8. Nh4 Be6 9. Nc3 Bf6 10. Bxc6+ bxc6 11. Ng2 Qd7 12. Ne4 Be7 13. f4 d5 14. Nf2 e4 15. dxe4 Nf6 16. e5 Ng4 17. Nxg4 Bxg4 18. Qe1 h5 19. h4 Bf5 20. Kh2 Bxc2 21. e6 Qd6 22. Qc3 Be4 23. Qxh8+ Bf8 24. e7 Kxe7 25. Qe5+ Kd7 26. Qxd6+ cxd6 27. f5 gxf5 28. Ne3 Ke6 29. Ng2 Bg7 30. Nf4+ Kd7 31. Nxh5 Bd4 32. Bf4 Bxb2 33. Rab1 Rb8 34. Nf6+ Ke6 35. Nxe4 dxe4 36. Bc1 Bxc1 37. Rxb8 Bd2 38. Kg2 d5 39. Rc8 Kd7 40. Ra8 d4 41. Rxf5 d3 42. Re5 e3 43. Kf3 e2 44. Rxe2 dxe2 45. Rxa7+ Kd6 46. Kxe2 1-0

[Event "Asia-ch"]
[Site "Kolkata"]
[Date "2001.08.13"]
[Round "5"]
[White "Abu Sufian, Sakil"]
[Black "Nazarov, Anvar"]
[Result "1/2-1/2"]
[WhiteElo "2276"]
[BlackElo "2410"]
[PlyCount "115"]
[EventDate "2001.08.09"]
[EventType "swiss"]
[EventRounds "11"]
[EventCountry "IND"]
[SourceTitle "CBM 085"]
[Source "ChessBase"]
[SourceDate "2001.11.13"]
[SourceVersion "1"]
[SourceVersionDate "2001.11.13"]
[SourceQuality "1"]

1. e4 c5 2. Nc3 a6 3. g3 b5 4. Bg2 Bb7 5. Nge2 e6 6. a3 Nc6 7. 0-0 g6 8. e5 Qc7 9. f4 f5 10. exf6 Nxf6 11. d3 Be7 12. Ne4 0-0 13. h3 Rae8 14. Be3 Nd8 15. Qd2 d5 16. Nxf6+ Bxf6 17. d4 c4 18. Kh2 Bc6 19. Ng1 Nf7 20. Nf3 Nd6 21. Ne5 Bg7 22. Bf2 Bb7 23. Be1 Nf5 24. g4 Nxd4 25. Bg3 Nc6 26. Nxc6 Qxc6 27. c3 Qd7 28. Rae1 Bc6 29. Bf2 e5 30. Bc5 Rxf4 31. Rxf4 exf4 32. Bxd5+ Bxd5 33. Rxe8+ Qxe8 34. Qxd5+ Kh8 35. g5 Qe2+ 36. Kh1 Qe1+ 37. Bg1 h5 38. gxh6 Bxh6 39. Qd8+ Kh7 40. Qc7+ Kg8 41. Qd8+ Kf7 42. Qd5+ Qe6 43. Qb7+ Kg8 44. Qa8+ Bf8 45. Qf3 Kh7 46. Kg2 Qf5 47. Bf2 Bd6 48. Qb7+ Kh6 49. Qf3 Be5 50. Qa8 a5 51. Qd5 b4 52. axb4 axb4 53. cxb4 Bxb2 54. Qxf5 gxf5 55. Kf3 c3 56. Ke2 Kg5 57. b5 f3+ 58. Kd3 1/2-1/2

[Event "Asia-ch"]
[Site "Kolkata"]
[Date "2001.08.09"]
[Round "1"]
[White "Nazarov, Anvar"]
[Black "Torre, Eugenio"]
[Result "1/2-1/2"]
[WhiteElo "2410"]
[BlackElo "2541"]
[PlyCount "125"]
[EventDate "2001.08.09"]
[EventType "swiss"]
[EventRounds "11"]
[EventCountry "IND"]
[SourceTitle "CBM 085"]
[Source "ChessBase"]
[SourceDate "2001.11.13"]
[SourceVersion "1"]
[SourceVersionDate "2001.11.13"]
[SourceQuality "1"]

1. e4 Nf6 2. d3 d5 3. Nd2 e5 4. Ngf3 Nc6 5. Be2 Bc5 6. 0-0 0-0 7. c3 a5 8. h3 Re8 9. Qc2 Ba7 10. Re1 Qd6 11. Nf1 Qc5 12. Bd1 d4 13. Bg5 Nd7 14. c4 Qf8 15. Qe2 Nc5 16. Ng3 a4 17. Bd2 Bb6 18. Rf1 Ba5 19. Ne1 a3 20. Bxa5 axb2 21. Qxb2 Rxa5 22. Rb1 Ne6 23. Bg4 Qa3 24. Bxe6 Rxe6 25. Qd2 Qc3 26. Qxc3 dxc3 27. Ne2 Ra3 28. Rb3 Rxb3 29. axb3 Nd4 30. Nxc3 Nxb3 31. Nf3 c6 32. Rd1 Re8 33. Kf1 f6 34. Ke2 Rd8 35. Na4 b5 36. cxb5 cxb5 37. Nc3 Nc5 38. Nxb5 Ba6 39. Nc3 Rxd3 40. Rxd3 Nxd3 41. Ke3 Nf4 42. Ne1 Bf1 43. Kf3 g5 44. Nb1 h5 45. Nd2 Ba6 46. Ke3 Kf7 47. f3 Ke6 48. Nb1 Kd6 49. Nc3 Kc5 50. Nd1 Be2 51. Nc3 Bf1 52. Kf2 Kd4 53. Nd1 Bc4 54. Ne3 Be6 55. Nd1 Bc8 56. Kf1 Be6 57. Kf2 Bd7 58. Ne3 Kc3 59. Nd1+ Kd2 60. Ne3 Be6 61. Nf1+ Kc3 62. Ne3 Kd2 63. N3c2 1/2-1/2

[Event "Qingdao Daily Cup"]
[Site "Qingdao"]
[Date "1999.10.19"]
[Round "4"]
[White "Nazarov, Anvar"]
[Black "Peng, Xiaomin"]
[Result "1/2-1/2"]
[WhiteElo "2493"]
[BlackElo "2574"]
[PlyCount "73"]
[EventDate "1999.10.18"]
[EventType "tourn"]
[EventRounds "9"]
[EventCountry "CHN"]
[EventCategory "10"]
[SourceTitle "CBM 074"]
[Source "ChessBase"]
[SourceDate "2000.02.01"]
[SourceVersion "1"]
[SourceVersionDate "2000.02.01"]
[SourceQuality "1"]

1. e4 e5 2. Nf3 Nc6 3. d4 exd4 4. Nxd4 Nf6 5. Nxc6 bxc6 6. e5 Qe7 7. Qe2 Nd5 8. c4 Nb6 9. b3 g6 10. Bb2 Bg7 11. g3 0-0 12. Bg2 Re8 13. f4 f6 14. 0-0 fxe5 15. f5 gxf5 16. Rxf5 d5 17. Rh5 e4 18. Na3 Be6 19. h4 h6 20. cxd5 cxd5 21. Re1 Bf7 22. Rf5 Bg6 23. Rf4 Qc5+ 24. Kh2 Bc3 25. Qg4 Bxb2 26. Qxg6+ Bg7 27. Ref1 Rf8 28. Rf7 Qc3 29. Bh3 Qb2+ 30. Kh1 Rxf7 31. Be6 Kh8 32. Rxf7 Qa1+ 33. Kg2 e3 34. Bf5 Kg8 35. Be6 Kh8 36. Bf5 Kg8 37. Be6 1/2-1/2

[Event "Qingdao Daily Cup"]
[Site "Qingdao"]
[Date "1999.10.18"]
[Round "1"]
[White "Liang, Shuai"]
[Black "Nazarov, Anvar"]
[Result "1/2-1/2"]
[WhiteElo "2411"]
[BlackElo "2493"]
[PlyCount "81"]
[EventDate "1999.10.18"]
[EventType "tourn"]
[EventRounds "9"]
[EventCountry "CHN"]
[EventCategory "10"]
[SourceTitle "CBM 074"]
[Source "ChessBase"]
[SourceDate "2000.02.01"]
[SourceVersion "1"]
[SourceVersionDate "2000.02.01"]
[SourceQuality "1"]

1. d4 d5 2. c4 e6 3. Nf3 Nf6 4. Nc3 c6 5. e3 Nbd7 6. Bd3 Bd6 7. 0-0 0-0 8. Qc2 Qe7 9. Re1 dxc4 10. Bxc4 e5 11. Bd3 Re8 12. Ne4 Nxe4 13. Bxe4 Nf6 14. dxe5 Bxe5 15. Bf5 Bxf5 16. Qxf5 Rad8 17. e4 h6 18. Qxe5 Qxe5 19. Nxe5 Rxe5 20. f3 Rb5 21. Rb1 a5 22. Kf2 a4 23. Be3 Kf8 24. Ke2 Ke7 25. Rec1 Nd7 26. Rc4 Ra8 27. f4 c5 28. Kf3 h5 29. Rc2 b6 30. Rd1 Ra7 31. h3 Nb8 32. Rd5 g6 33. f5 Rd7 34. Re2 Nc6 35. Kg3 Rb4 36. Bg5+ Ke8 37. Bf6 Nd4 38. Bxd4 Rxd4 39. fxg6 fxg6 40. Re5+ Kf7 41. Rf2+ 1/2-1/2

[Event "Qingdao Daily Cup"]
[Site "Qingdao"]
[Date "1999.10.18"]
[Round "2"]
[White "Nazarov, Anvar"]
[Black "Wu, Wenjin"]
[Result "0-1"]
[WhiteElo "2493"]
[BlackElo "2435"]
[PlyCount "68"]
[EventDate "1999.10.18"]
[EventType "tourn"]
[EventRounds "9"]
[EventCountry "CHN"]
[EventCategory "10"]
[SourceTitle "CBM 074"]
[Source "ChessBase"]
[SourceDate "2000.02.01"]
[SourceVersion "1"]
[SourceVersionDate "2000.02.01"]
[SourceQuality "1"]

1. Nf3 d5 2. g3 Nf6 3. Bg2 g6 4. 0-0 Bg7 5. d3 0-0 6. Nbd2 c5 7. e4 Nc6 8. Re1 b6 9. exd5 Nxd5 10. Nc4 Bb7 11. a4 Qc7 12. Bg5 a6 13. Qc1 Rfe8 14. Bh6 Bh8 15. Ng5 Nd4 16. Ne4 Nb4 17. Na3 f5 18. Nd2 Bxg2 19. Kxg2 Qc6+ 20. f3 Qxa4 21. c3 Nxd3 22. Qb1 Nxe1+ 23. Qxe1 e5 24. cxd4 exd4 25. Qf1 Qc6 26. h4 b5 27. Rc1 Rad8 28. Bg5 Rd5 29. h5 Rde5 30. Qh1 Re2+ 31. Kh3 Bg7 32. h6 Bf6 33. Bxf6 Qxf6 34. f4 g5 0-1

[Event "Olympiad-33"]
[Site "Elista"]
[Date "1998.10.06"]
[Round "8.3"]
[White "Van den Doel, Erik"]
[Black "Nazarov, Anvar"]
[Result "1-0"]
[WhiteElo "2480"]
[BlackElo "2285"]
[PlyCount "105"]
[EventDate "1998.09.29"]
[EventType "team-swiss"]
[EventRounds "13"]
[EventCountry "RUS"]
[SourceTitle "CBM 068"]
[Source "ChessBase"]
[SourceDate "1999.02.01"]
[SourceVersion "1"]
[SourceVersionDate "1999.02.01"]
[SourceQuality "1"]
[WhiteTeam "Netherlands"]
[BlackTeam "Tajikistan"]
[WhiteTeamCountry "NED"]
[BlackTeamCountry "TJK"]

1. e4 c5 2. Nf3 e6 3. d4 cxd4 4. Nxd4 Bc5 5. Nb3 Bb6 6. Bd3 Ne7 7. 0-0 0-0 8. Kh1 f5 9. exf5 Nxf5 10. c4 Qh4 11. N1d2 Bc7 12. Nf3 Qf6 13. Bxf5 Qxf5 14. Nbd4 Qh5 15. Nb5 Na6 16. Nxc7 Nxc7 17. b3 b6 18. Ba3 Bb7 19. Bxf8 Rxf8 20. Qxd7 Bxf3 21. Qxc7 Bxg2+ 22. Kxg2 Qf3+ 23. Kg1 Rf6 24. Qb8+ Kf7 25. Qxa7+ Ke8 26. Qb8+ Ke7 27. Qc7+ Ke8 28. Rae1 Rg6+ 29. Qg3 Ke7 30. Re3 Rxg3+ 31. hxg3 Qa8 32. a4 Kf6 33. Rfe1 Qd8 34. Rxe6+ Kf5 35. f3 Qd4+ 36. Kh1 Qc3 37. R1e5+ Qxe5 38. Rxe5+ Kxe5 39. Kg2 Kd4 40. f4 Kc5 41. g4 Kb4 42. f5 h6 43. Kf3 Kxb3 44. Ke4 Kxa4 45. Kd5 Kb4 46. Kd4 Kb3 47. c5 bxc5+ 48. Kxc5 Kc3 49. Kd5 Kd3 50. Ke6 Ke4 51. Kf7 Kf4 52. Kxg7 Kxg4 53. f6 1-0

[Event "Olympiad-32"]
[Site "Yerevan"]
[Date "1996.09.19"]
[Round "4.3"]
[White "Marinelli, Tullio"]
[Black "Nazarov, Anvar"]
[Result "1-0"]
[WhiteElo "2425"]
[BlackElo "2200"]
[PlyCount "71"]
[EventDate "1996.09.15"]
[EventType "team-swiss"]
[EventRounds "14"]
[EventCountry "ARM"]
[SourceTitle "CBM 055"]
[Source "ChessBase"]
[SourceDate "1996.12.01"]
[SourceVersion "1"]
[SourceVersionDate "1996.12.01"]
[SourceQuality "1"]
[WhiteTeam "Italy"]
[BlackTeam "Tajikistan"]
[WhiteTeamCountry "ITA"]
[BlackTeamCountry "TJK"]

1. d4 Nf6 2. c4 c5 3. d5 e5 4. Nc3 d6 5. e4 Be7 6. Be2 0-0 7. Nf3 Ne8 8. 0-0 Nd7 9. Kh1 a6 10. a3 g6 11. Bh6 Ng7 12. Qd2 Nf6 13. Ne1 Ng4 14. Bxg4 Bxg4 15. Nd3 Bd7 16. f4 f6 17. Rf3 b5 18. cxb5 axb5 19. Raf1 c4 20. Nb4 Qb6 21. f5 Rf7 22. g4 Ne8 23. Be3 Qb7 24. h4 Bf8 25. Qg2 Bg7 26. g5 fxg5 27. hxg5 Nc7 28. fxg6 Rxf3 29. gxh7+ Kxh7 30. g6+ Kg8 31. Rxf3 Rf8 32. Rxf8+ Bxf8 33. Qh2 Bg7 34. Qh7+ Kf8 35. Bh6 Ne8 36. Bxg7+ 1-0

[Event "Olympiad-32"]
[Site "Yerevan"]
[Date "1996.09.16"]
[Round "1.3"]
[White "Van der Sterren, Paul"]
[Black "Nazarov, Anvar"]
[Result "1-0"]
[WhiteElo "2510"]
[BlackElo "2200"]
[PlyCount "129"]
[EventDate "1996.09.15"]
[EventType "team-swiss"]
[EventRounds "14"]
[EventCountry "ARM"]
[SourceTitle "CBM 055"]
[Source "ChessBase"]
[SourceDate "1996.12.01"]
[SourceVersion "1"]
[SourceVersionDate "1996.12.01"]
[SourceQuality "1"]
[WhiteTeam "Netherlands"]
[BlackTeam "Tajikistan"]
[WhiteTeamCountry "NED"]
[BlackTeamCountry "TJK"]

1. d4 Nf6 2. c4 c5 3. d5 e5 4. Nc3 d6 5. e4 Be7 6. Be2 0-0 7. Nf3 Ne8 8. 0-0 g6 9. Bh6 Ng7 10. Qd2 Nd7 11. Ne1 f5 12. exf5 gxf5 13. f4 Rf6 14. fxe5 Nxe5 15. Nf3 Rg6 16. Bf4 Bf6 17. Kh1 Nf7 18. Rae1 Bd7 19. Bd3 Nh5 20. Ne2 Ne5 21. b3 Rg4 22. Bc2 Qe8 23. Be3 Qg6 24. Nf4 Nxf4 25. Bxf4 Qg7 26. h3 Rg6 27. Bh2 Nf7 28. Qf2 Kh8 29. Re2 Rg8 30. Rfe1 b6 31. a4 Qh6 32. Qf1 R6g7 33. Ng1 Bh4 34. Rd1 Qh5 35. Qf3 Qg5 36. Rf1 Ne5 37. Rxe5 dxe5 38. Bxe5 Re8 39. Bxg7+ Kxg7 40. Bxf5 Bxf5 41. Qxf5 Qxf5 42. Rxf5 Re1 43. Kh2 Bf6 44. Nf3 Re3 45. d6 Rd3 46. Rd5 Rxd5 47. cxd5 Kf7 48. Kg3 Ke8 49. Kf4 Kd7 50. Kf5 Bb2 51. Ne5+ Kxd6 52. Nc4+ Kxd5 53. Nxb2 Kd4 54. Nd1 Kd3 55. g4 Kc2 56. Ne3+ Kxb3 57. g5 Kxa4 58. h4 b5 59. h5 b4 60. g6 hxg6+ 61. hxg6 b3 62. Nd1 Ka3 63. g7 a5 64. g8Q a4 65. Qc4 1-0

[Event "URS-chT Republics 19th Group1"]
[Site "Azov"]
[Date "1991.??.??"]
[Round "7"]
[White "Kakageldyev, Amanmurad"]
[Black "Nazarov, Anvar"]
[Result "1-0"]
[WhiteElo "2350"]
[BlackElo "2210"]
[PlyCount "61"]
[EventDate "1991.??.??"]
[EventType "team-tourn"]
[EventRounds "5"]
[EventCountry "URS"]
[SourceTitle "EXT 2020"]
[Source "ChessBase"]
[SourceDate "2019.10.17"]
[SourceVersion "1"]
[SourceVersionDate "2019.10.17"]
[SourceQuality "1"]
[WhiteTeam "Turkmenistan"]
[BlackTeam "Tajikistan"]
[WhiteTeamCountry "TKM"]
[BlackTeamCountry "TJK"]

1. d4 Nf6 2. c4 c5 3. d5 e5 4. Nc3 d6 5. e4 Be7 6. Bd3 0-0 7. h3 Ne8 8. Nf3 Na6 9. 0-0 Bd7 10. a3 Rb8 11. Rb1 b6 12. b4 g6 13. Bh6 Ng7 14. g4 Qc8 15. Kh2 Rb7 16. Rg1 cxb4 17. axb4 Rc7 18. Qe2 Nb8 19. Qe3 f6 20. Nd2 Rf7 21. f4 Bf8 22. f5 Ne8 23. g5 Bxh6 24. gxh6 g5 25. h4 Kf8 26. hxg5 fxg5 27. Nf3 Rxc4 28. Nxg5 Re7 29. Ne6+ Bxe6 30. fxe6 Nf6 31. Qf3 1-0

[Event "URS-chT Republics 19th Group1"]
[Site "Azov"]
[Date "1991.??.??"]
[Round "6"]
[White "Nazarov, Anvar"]
[Black "Yandemirov, Valeri"]
[Result "0-1"]
[WhiteElo "2210"]
[BlackElo "2420"]
[PlyCount "70"]
[EventDate "1991.??.??"]
[EventType "team-tourn"]
[EventRounds "5"]
[EventCountry "URS"]
[SourceTitle "EXT 2020"]
[Source "ChessBase"]
[SourceDate "2019.10.17"]
[SourceVersion "1"]
[SourceVersionDate "2019.10.17"]
[SourceQuality "1"]
[WhiteTeam "Tajikistan"]
[BlackTeam "Russia"]
[WhiteTeamCountry "TJK"]
[BlackTeamCountry "RUS"]

1. Nf3 d5 2. g3 c5 3. Bg2 Nc6 4. 0-0 e6 5. d3 Nf6 6. Nbd2 Be7 7. e4 Qc7 8. c3 b6 9. Qe2 Bb7 10. e5 Nd7 11. Re1 g5 12. h3 h5 13. g4 hxg4 14. hxg4 0-0-0 15. Nf1 Rdg8 16. Bd2 Kb8 17. Rab1 d4 18. Ng3 Rh4 19. Nxh4 gxh4 20. Ne4 Ncxe5 21. g5 f5 22. f4 fxe4 23. dxe4 d3 24. Qh5 Nc4 25. Qf7 Rf8 26. Qxe7 Nxd2 27. g6 Qxf4 28. g7 Rg8 29. Rf1 Nxf1 30. Rxf1 Qg3 31. Rf8+ Nxf8 32. gxf8Q+ Rxf8 33. Qxf8+ Bc8 34. Qh6 d2 35. Qxd2 h3 0-1

[Event "Katowice op"]
[Site "Katowice"]
[Date "1990.??.??"]
[Round "3"]
[White "Nazarov, Anvar"]
[Black "Kveinys, Aloyzas"]
[Result "1/2-1/2"]
[WhiteElo "2255"]
[BlackElo "2475"]
[PlyCount "108"]
[EventDate "1990.01.27"]
[EventType "swiss"]
[EventRounds "11"]
[EventCountry "POL"]
[SourceTitle "EXT 1997"]
[Source "ChessBase"]
[SourceDate "1996.11.15"]
[SourceVersion "1"]
[SourceVersionDate "1996.11.15"]
[SourceQuality "1"]

1. Nf3 d5 2. g3 c5 3. Bg2 Nc6 4. 0-0 e5 5. d3 Nf6 6. b3 Be7 7. Bb2 Qc7 8. Nc3 0-0 9. e4 d4 10. Nb5 Qb8 11. a4 a6 12. Na3 b5 13. Bc1 Bd7 14. Nh4 Rc8 15. Nf5 Bf8 16. f4 Be6 17. fxe5 Nxe5 18. Bf4 Nfd7 19. Nb1 Qb6 20. Nd2 c4 21. bxc4 bxc4 22. Nf3 Nxf3+ 23. Bxf3 cxd3 24. cxd3 Rc3 25. Rb1 Qc5 26. Kh1 Ne5 27. Be2 Rd8 28. Bd2 Rc2 29. Bb4 Qc6 30. Be7 Bxf5 31. Bxd8 Bh3 32. Re1 Ra2 33. Bg5 Qg6 34. Bf4 Ng4 35. Rb8 Qh5 36. Kg1 Bf1 37. h4 Bxe2 38. Rxe2 Ne3 39. Qb1 Ra1 40. Qxa1 Qxe2 41. Rb2 Qxd3 42. Qb1 Qa3 43. Rb8 h6 44. Rd8 Qc3 45. Bxe3 dxe3 46. Rd3 Qe5 47. Qe1 Qxe4 48. Qe2 Bc5 49. Kh2 a5 50. h5 Kh7 51. Rc3 Qf5 52. Qc2 Qxc2+ 53. Rxc2 Bb4 54. Kg2 g6 1/2-1/2